| 000 | 02455nam a22003737a 4500 | ||
|---|---|---|---|
| 003 | KnowledgeUnlatched | ||
| 005 | 20210303104734.0 | ||
| 006 | m o d | ||
| 007 | cr u|||||||||| | ||
| 008 | 210129p20202020xx o u00| u eng d | ||
| 037 | _5BiblioBoard | ||
| 245 | 0 | 4 |
_aThe eastern horizon _bA regional perspective / _cGrzegorz Gorzelak. |
| 020 | _a9789286147265 | ||
| 024 | 8 | _ahttps://doi.org/10.2867/65881 | |
| 029 | 1 | _ahttps://library.biblioboard.com/ext/api/media/96df6249-9120-4b6c-bc10-c8d3cbba15bb/assets/thumbnail.jpg | |
| 040 |
_aScCtBLL _cScCtBLL |
||
| 100 | 1 |
_aGorzelak, Grzegorz _eauthor. |
|
| 264 | 1 | _bEuropean Investment Bank, | |
| 300 | _a1 online resource (1 p.) | ||
| 490 | 1 | _aBig Ideas | |
| 506 | 0 |
_aAccess copy available to the general public. _fUnrestricted _2star |
|
| 520 | _aCountries and regions in Central and Eastern Europe (CEE) have gone through several challenges. They went through totalitarian and authoritarian communist regimes, gained independence at the end of the 19th century, faced new economic and political challenges and rejoined Europe in a perspective of mutual development. As different as they may be, despite recent populist movements, the CEE countries have much in common and regional policies can help the "forgotten places" to explore their opportunities, supporting democracy, cohesion, and local economies in the European Union. Grzegorz Gorzelak is a professor of economics, specialising in regional and local development policies and strategy building. He has collaborated with the World Bank, the OECD, DG Regio of the European Commission, several agencies of the Polish and Ukrainian governments, as well as regional and local authorities. This is the fourteenth essay in the Big Ideas series created by the European Investment Bank. | ||
| 588 | 0 | _aDescription based on print version record. | |
| 590 | _aKU Open Services | ||
| 650 | 7 |
_aBusiness & Economics / Economics _2bisacsh |
|
| 650 | 0 | _aEconomics | |
| 655 | 0 | _aElectronic books. | |
| 758 |
_iIs found in: _aKnowledge Unlatched _1https://openresearchlibrary.org/module/2774bc74-146a-484f-a7ba-ab1d6a09bbfb |
||
| 830 | 0 | _aBig Ideas | |
| 856 | 4 | 0 |
_uhttps://openresearchlibrary.org/content/96df6249-9120-4b6c-bc10-c8d3cbba15bb _zView this content on Open Research Library. _70 |
| 999 |
_c32458 _d32458 |
||